La mujer como sub-Iglesia / (Record no. 44566)

MARC details
000 -LEADER
campo de control de longitud fija 00612nam a2200217 i 4500
001 - NÚMERO DE CONTROL
campo de control 44566
003 - IDENTIFICADOR DE NÚMERO DE CONTROL
campo de control ES-MaACL
005 - FECHA Y HORA DE LA ÚLTIMA TRANSACCIÓN
campo de control 20250807211447.0
007 - CAMPO FIJO DE DESCRIPCIÓN FÍSICA--INFORMACIÓN GENERAL
campo de control de longitud fija t|
008 - DATOS DE LONGITUD FIJA--INFORMACIÓN GENERAL
campo de control de longitud fija 030321s1971 sp ||||1| spa d
080 ## - NÚMERO DE LA CLASIFICACIÓN DECIMAL UNIVERSAL
Número de la Clasificación Decimal Universal 396:28
100 1# - ENTRADA PRINCIPAL--NOMBRE DE PERSONA
Nombre de persona Cebolla López, Fermín.
9 (RLIN) 37287
245 13 - MENCIÓN DEL TÍTULO
Título La mujer como sub-Iglesia /
Mención de responsabilidad, etc. Fermín Cebolla López.
260 ## - PUBLICACIÓN, DISTRIBUCIÓN, ETC.
Lugar de publicación, distribución, etc. Madrid :
Nombre del editor, distribuidor, etc. Alameda,
Fecha de publicación, distribución, etc. [1971]
300 ## - DESCRIPCIÓN FÍSICA
Extensión 58 p. ;
Dimensiones 17 cm.
490 1# - MENCIÓN DE SERIE
Mención de serie Otra mujer ;
Designación de volumen o secuencia 8
650 #7 - PUNTO DE ACCESO ADICIONAL DE MATERIA--TÉRMINO DE MATERIA
Término de materia o nombre geográfico como elemento de entrada Mujeres en la Iglesia Católica
Fuente del encabezamiento o término embne
9 (RLIN) 155915
830 1# - PUNTO DE ACCESO ADICIONAL DE SERIE-TÍTULO UNIFORME
Título uniforme Otra mujer ;
Designación de volumen o secuencia 8
9 (RLIN) 182021
852 4# - LOCALIZACIÓN
Ubicación ES-MaACL
Número de control de estantería C-44934
Holdings
Estatus retirado Estado de pérdida Estado de daño No para préstamo Biblioteca de origen Biblioteca actual Ubicación en estantería Fecha de adquisición Fuente de adquisición Total de préstamos Signatura topográfica completa Código de barras Visto por última vez Precio de reemplazo Tipo de ítem Koha
        Biblioteca del Ateneo de Madrid Biblioteca del Ateneo de Madrid Depósito 2 17/01/2008     C-44934 1046908 23/02/2023 23/02/2023 Libro impreso